Sociálně ekonomický a politický vývoj současné Afriky /

Hlavní autor: Lev, Ota
Jazyk: Čeština
Vydáno: Praha : Horizont, 1985
Vydání: 1. vydání
Edice: Aktuality (Horizont)
Na pomoc lektorům (Horizont)
Témata:
Fyzický popis: 42 stran ; 20 cm
Knihy
Uloženo v:
LEADER 01258nam a22004212i 4500
001 000437359
003 CZ BrMZK
005 20190424104040.0
007 ta
008 990305s1985 xr f cze d
015 |a cnb000028288 
035 |a (OCoLC)85563988 
040 |a ABA001  |b cze  |d ABA001  |d BOA001  |e rda 
080 9 |a 32 
080 9 |a 330 
080 9 |a 308(6) 
080 9 |a 338.1(6) 
080 9 |a 327(6) 
100 1 |a Lev, Ota  |7 jx20050318007  |4 aut 
245 1 0 |a Sociálně ekonomický a politický vývoj současné Afriky /  |c zpracoval Ota Lev 
250 |a 1. vydání 
264 1 |a Praha :  |b Horizont,  |c 1985 
300 |a 42 stran ;  |c 20 cm 
336 |a text  |b txt  |2 rdacontent 
337 |a bez média  |b n  |2 rdamedia 
338 |a svazek  |b nc  |2 rdacarrier 
490 1 |a Aktuality ;  |v 21 
490 1 |a Na pomoc lektorům 
500 |a Vydáno k 25. výročí Roku Afriky 
500 |a 1200 výt. 
504 |a Obsahuje bibliografii 
655 7 |a informační publikace  |7 fd132454  |2 czenas 
830 0 |a Aktuality (Horizont) 
830 0 |a Na pomoc lektorům (Horizont) 
910 |a BOA001  |b X-0893.742 
990 |a BK 
991 |b 201607 
996 6 |b 2619782742  |c X-0893.742  |l MZK  |r Sklad / do 24 hodin  |n 3  |w 000437359  |u 000010  |a 1  |e BOA001  |j MZK50  |s P